Klasyfikacja medalowa Mistrzostw Europy w piłce nożnej - Statystyki

Ogólne statystyki
  • Ten quiz został rozwiązany 95 razy
  • Średni wynik to 15 z 17
Statystyki odpowiedzi
Złoty Srebrny Brązowy Kraj % Poprawnych
2 1 2 Francja
99%
4 1 1 Hiszpania
99%
3 3 3 Niemcy
99%
1 1 3 Portugalia
96%
2 2 1 Włochy
96%
0 2 2 Anglia
92%
1 0 5 Holandia
90%
0 0 1 Szwecja
88%
1 0 0 Grecja
86%
1 3 1 Rosja
86%
1 1 3 Czechy
85%
0 1 1 Belgia
84%
1 0 2 Dania
81%
0 0 1 Turcja
74%
0 0 1 Węgry
73%
0 0 1 Walia
68%
0 2 0 Serbia
67%
Nie znaleziono quizów pasujących do podanych kryteriów
Rozkład punktacji
Procent ludzi z każdym wynikiem
Percentyl według liczby udzielonych odpowiedzi
Twoja historia wyników
Nie rozwiązałeś tego quizu